000 00691nam a22001937a 4500
999 _c172103
_d172103
005 20200127171530.0
010 _aUR-10689
020 _c175.00
_a-
035 _aU-9244
037 _bDBAD/PUB
_a-
082 _a842.88
100 _aمر تبہ:معظم علی
245 _aا ر د و ڈ ر ا مہ کی مو جو د ہ صو ر تحا ل
_cمر تبہ:معظم علی
246 _bUrdu Drama Ki Moujuda Suratehal (Urdu)
_aEdited by Mouzam Ali
260 _aRajisthan
_bRajisthan Urdu Academy
_c2017ء
270 _aJ-15,Jhalana Institutional Area,
_bDelhi Jaipur
_e302004
_k0141-2709771
_l-
300 _a112 ص
_c22 Cm(Hb)
942 _2ddc
_cUR
_h842.88
_mم ع ظ